| 000 | 01003nam a22001817a 4500 | ||
|---|---|---|---|
| 999 |
_c63887 _d63887 |
||
| 003 | Ge_BSU | ||
| 005 | 20260212112219.0 | ||
| 008 | 260212s1976 ge ||||| |||| 00| 0 geo d | ||
| 041 | _ageo | ||
| 080 | _a330.111.62 გ-64 | ||
| 100 |
_aგოშაძე, გ. _93113 |
||
| 245 |
_aსოციალისტური საკუთრება, შრომის ხარისხი და ხალხის კეთილდღეობის ამაღლება / _cგ. გოშაძე; განვითარებული სოციალისტური საზ-ბა. სკკპ XXV ყრილობა. |
||
| 264 |
_aთბილისი : _bსაბჭ. საქართველო, _c1976. |
||
| 300 |
_a58 გვ. ; _b20 სმ. |
||
| 653 | _aსოციალისტური საკუთრება. შრომა. | ||
| 653 | _aხალხის კეთილდღეობის ამაღლება. | ||
| 942 |
_2udc _cᲬᲘᲒᲜᲘ |
||